[Event "Bahn-ch Seniors"]
[Site "Winterberg"]
[Date "2004.09.30"]
[Round "5"]
[White "Hedder, Horst"]
[Black "Schnepfe, Martin"]
[Result "0-1"]
[WhiteElo "1495"]
[BlackElo "1673"]
[PlyCount "77"]
[EventDate "2004.09.26"]
[EventType "swiss"]
[EventRounds "7"]
[EventCountry "GER"]
[SourceTitle "EXT 2013"]
[Source "ChessBase"]
[SourceDate "2012.11.22"]
[SourceVersion "1"]
[SourceVersionDate "2012.11.22"]
[SourceQuality "1"]

1. d4 Nf6 2. Nc3 e6 3. Nf3 d5 4. e3 Be7 5. Bd3 c5 6. 0-0 0-0 7. Bd2 a6 8. a3 c4 9. Be2 Nc6 10. b3 b5 11. bxc4 bxc4 12. h3 Qc7 13. Nh2 Bd6 14. Ng4 Nxg4 15. Bxg4 f5 16. Bf3 Rb8 17. Re1 Bd7 18. g3 Nd8 19. Bg2 Nf7 20. h4 Nh6 21. Qe2 Ng4 22. f4 Nf6 23. Rec1 Rfc8 24. Bf3 Be8 25. Qd1 Qf7 26. Kg2 Qg6 27. Qe2 Be7 28. Rh1 Ne4 29. Bxe4 fxe4 30. Be1 Rb2 31. Nd1 Rb7 32. Nc3 Rcb8 33. Bf2 Bd8 34. Be1 h5 35. Bd2 Qf6 36. Qd1 Bc7 37. Rf1 Qf5 38. Kh2 a5 39. Qe2 0-1

[Event "Bahn-ch Seniors"]
[Site "Winterberg"]
[Date "2004.09.29"]
[Round "4"]
[White "Hedder, Horst"]
[Black "Gunkelmann, Friedrich"]
[Result "1-0"]
[WhiteElo "1495"]
[BlackElo "1537"]
[PlyCount "87"]
[EventDate "2004.09.26"]
[EventType "swiss"]
[EventRounds "7"]
[EventCountry "GER"]
[SourceTitle "EXT 2013"]
[Source "ChessBase"]
[SourceDate "2012.11.22"]
[SourceVersion "1"]
[SourceVersionDate "2012.11.22"]
[SourceQuality "1"]

1. d4 Nf6 2. c4 g6 3. Bg5 Bg7 4. Bxf6 Bxf6 5. e3 c5 6. Nf3 Nc6 7. Nc3 cxd4 8. exd4 0-0 9. Be2 d6 10. 0-0 Bg4 11. d5 Nb4 12. h3 Bf5 13. a3 Na6 14. Bd3 Qc8 15. Bxf5 Qxf5 16. Nd4 Qc8 17. Ne4 Bg7 18. Rc1 Nc5 19. Re1 Re8 20. b4 Nxe4 21. Rxe4 a5 22. c5 dxc5 23. Rxc5 Qd8 24. Nb3 axb4 25. axb4 Bf8 26. Qe2 Qd7 27. Rb5 b6 28. Nd4 Qd6 29. g3 Qf6 30. Rf4 Qd6 31. Re4 Ra1+ 32. Kg2 Rc1 33. Nc6 Qc7 34. Qe3 f5 35. Re6 Rc4 36. Rxb6 f4 37. Qd3 Rc1 38. Ne5 Rc3 39. Rxg6+ hxg6 40. Qxg6+ Bg7 41. Qxe8+ Kh7 42. Rh6+ Bxh6 43. Qg6+ Kh8 44. Nf7# 1-0

[Event "Bahn-chS 60"]
[Site "Bad Wildungen"]
[Date "2000.09.28"]
[Round "5"]
[White "Hirz, Friedrich"]
[Black "Hedder, Horst"]
[Result "1-0"]
[WhiteElo "1750"]
[BlackElo "1475"]
[PlyCount "53"]
[EventDate "2000.09.24"]
[EventType "swiss"]
[EventRounds "7"]
[EventCountry "GER"]
[SourceTitle "EXT 2003"]
[Source "ChessBase"]
[SourceDate "2002.11.25"]
[SourceVersion "1"]
[SourceVersionDate "2002.11.25"]
[SourceQuality "1"]

1. e4 e5 2. Bc4 Nf6 3. d3 c6 4. Nc3 Bb4 5. Nge2 d6 6. a3 Ba5 7. b4 Bb6 8. h3 Be6 9. Ba2 h6 10. 0-0 d5 11. Ng3 0-0 12. Bd2 Bd4 13. Rb1 a6 14. Nce2 Ba7 15. Bc3 d4 16. Bxe6 fxe6 17. Bd2 Nbd7 18. f4 exf4 19. Nxf4 Qe7 20. Ng6 Qd6 21. Nxf8 Rxf8 22. Bf4 e5 23. Nf5 Qe6 24. Bd2 b5 25. Rf3 c5 26. Rg3 Rf7 27. Nxh6+ 1-0

[Event "Bahn-chS 60"]
[Site "Bad Wildungen"]
[Date "2000.09.25"]
[Round "2"]
[White "Hedder, Horst"]
[Black "Boettcher, Ulrich"]
[Result "1-0"]
[WhiteElo "1475"]
[BlackElo "1241"]
[PlyCount "71"]
[EventDate "2000.09.24"]
[EventType "swiss"]
[EventRounds "7"]
[EventCountry "GER"]
[SourceTitle "EXT 2003"]
[Source "ChessBase"]
[SourceDate "2002.11.25"]
[SourceVersion "1"]
[SourceVersionDate "2002.11.25"]
[SourceQuality "1"]

1. d4 g6 2. e4 Bg7 3. e5 d6 4. exd6 cxd6 5. Nf3 Bg4 6. Be2 Nd7 7. Nc3 e6 8. Ne4 d5 9. Nd6+ Kf8 10. Ng5 Bxe2 11. Qxe2 Qb6 12. Ndxf7 Bxd4 13. 0-0 Re8 14. Nxh8 Bxh8 15. Nxh7+ Kf7 16. c3 Ne7 17. Ng5+ Kf6 18. Qf3+ Nf5 19. g4 Ne5 20. Qf4 Nd3 21. Qf3 Ne5 22. Qh3 Nd6 23. Qh4 Kg7 24. Qh7+ Kf6 25. Bf4 Nef7 26. Qh4 Ke7 27. Nxf7+ Kxf7 28. Qh7+ Bg7 29. Be5 Rg8 30. Rae1 Ne4 31. h4 Kf8 32. Bxg7+ Rxg7 33. Qh6 Qxb2 34. Rb1 Qxc3 35. Rxb7 Nd2 36. Qh8+ 1-0

[Event "Gemuend op Seniors1"]
[Site "Gemuend"]
[Date "1999.10.27"]
[Round "5"]
[White "Hedder, Horst"]
[Black "Eibach, Guenter"]
[Result "1/2-1/2"]
[WhiteElo "1488"]
[BlackElo "1481"]
[PlyCount "46"]
[EventDate "1999.10.24"]
[EventType "swiss"]
[EventRounds "7"]
[EventCountry "GER"]
[SourceTitle "EXT 2003"]
[Source "ChessBase"]
[SourceDate "2002.11.25"]
[SourceVersion "1"]
[SourceVersionDate "2002.11.25"]
[SourceQuality "1"]

1. b4 e5 2. Bb2 d6 3. e3 Nf6 4. Nf3 Be7 5. Be2 h6 6. h3 Bf5 7. a3 a6 8. d3 0-0 9. 0-0 Nh7 10. e4 Be6 11. d4 exd4 12. Bxd4 f6 13. c4 Nd7 14. Nh2 Ne5 15. Nd2 c5 16. bxc5 dxc5 17. Be3 Qd7 18. Qc2 Rad8 19. Rad1 Qc7 20. Bf4 Bd6 21. Bg3 Ng6 22. Bxd6 Qxd6 23. Ndf3 Qc7 1/2-1/2

[Event "Gemuend op Seniors1"]
[Site "Gemuend"]
[Date "1999.10.26"]
[Round "4"]
[White "Haake, Helmut"]
[Black "Hedder, Horst"]
[Result "1/2-1/2"]
[WhiteElo "1366"]
[BlackElo "1488"]
[PlyCount "128"]
[EventDate "1999.10.24"]
[EventType "swiss"]
[EventRounds "7"]
[EventCountry "GER"]
[SourceTitle "EXT 2003"]
[Source "ChessBase"]
[SourceDate "2002.11.25"]
[SourceVersion "1"]
[SourceVersionDate "2002.11.25"]
[SourceQuality "1"]

1. e4 e5 2. Nf3 d6 3. Nc3 Nf6 4. d3 h6 5. Be3 Nc6 6. Be2 Be7 7. 0-0 0-0 8. Qd2 Ng4 9. h3 Nxe3 10. Qxe3 Be6 11. Rad1 Bf6 12. a3 Qd7 13. Nd5 Bxd5 14. exd5 Nd4 15. Nxd4 exd4 16. Qf3 Rfe8 17. Rfe1 Re5 18. c4 b5 19. Qg4 Qe7 20. Kf1 Re8 21. Rd2 a6 22. Red1 Rg5 23. Qf3 Qe5 24. Qe4 Qxe4 25. dxe4 Rxe4 26. cxb5 axb5 27. Bxb5 Rxd5 28. Bc6 Rde5 29. Bxe4 Rxe4 30. b4 Re8 31. a4 Rb8 32. b5 Rb6 33. Ke2 c6 34. bxc6 Rxc6 35. Kd3 Rc3+ 36. Ke4 Ra3 37. Rxd4 Bxd4 38. Rxd4 Kf8 39. Kd5 Ra2 40. Rf4 Rd2+ 41. Kc6 Rc2+ 42. Kxd6 Rd2+ 43. Kc6 Rc2+ 44. Kb5 Rb2+ 45. Ka5 g6 46. Ka6 Kg7 47. a5 g5 48. Rf5 Kg6 49. g4 Kg7 50. Rb5 Rxf2 51. Ka7 Rf3 52. a6 Rxh3 53. Kb8 Ra3 54. a7 Kg6 55. a8Q Rxa8+ 56. Kxa8 h5 57. gxh5+ Kxh5 58. Rf5 Kg6 59. Rf1 f5 60. Kb7 f4 61. Kc6 Kf5 62. Kd5 g4 63. Kd4 g3 64. Ra1 Kg4 1/2-1/2

[Event "Bahn-chS"]
[Site "Baiersbronn"]
[Date "1998.10.28"]
[Round "5"]
[White "Hedder, Horst"]
[Black "Denecke, Alfred"]
[Result "1/2-1/2"]
[WhiteElo "1579"]
[BlackElo "1595"]
[PlyCount "70"]
[EventDate "1998.10.25"]
[EventType "swiss"]
[EventRounds "7"]
[EventCountry "GER"]
[SourceTitle "EXT 2001"]
[Source "ChessBase"]
[SourceDate "2000.11.22"]
[SourceVersion "1"]
[SourceVersionDate "2000.11.22"]
[SourceQuality "1"]

1. d4 d5 2. c4 e6 3. Nc3 Bb4 4. Bd2 dxc4 5. e3 Bxc3 6. Bxc3 Nf6 7. Bxc4 0-0 8. Nf3 Nc6 9. 0-0 a6 10. Qc2 h6 11. Rfd1 Ne7 12. Bb3 Ng6 13. Ne5 Qe8 14. d5 Nxd5 15. Bxd5 exd5 16. Nxg6 fxg6 17. Rxd5 Be6 18. Re5 Qf7 19. b3 Rad8 20. Qb2 Rd3 21. Rf1 c6 22. Rxe6 Rxc3 23. Rxg6 Rd3 24. Rg4 Rxe3 25. g3 Rf3 26. Kg2 b5 27. Qe2 Qd5 28. Kg1 Qf7 29. Kg2 Qd5 30. Kg1 Qf7 31. Qd2 Qf6 32. Qc2 Qc3 33. Qe2 Qf6 34. Qc2 Qc3 35. Qe2 Qf6 1/2-1/2